Lanean...

Hindi bhasha ka prayojan moolak swaroop

Xehetasun bibliografikoak
Egile nagusia: Kailash Chandra Bhatia
Formatua: Printed Book
Argitaratua: Allahabad Sahitya Bhavan P00
Gaiak:
LEADER 00600nam a22001811a 4500
020 |c 0.00 
040 |a SSUS - Library - Kalady 
082 |a H 491.43  |b KAI/H 
100 |a Kailash Chandra Bhatia 
245 |a Hindi bhasha ka prayojan moolak swaroop  |h [Text] 
260 |a Allahabad  |b Sahitya Bhavan  |c P00 
300 |a 200p. 
600 |a Language Hindi  
600 |a Language 
852 |h H 491.43  |i KAI/H  |p 034255  |9 100.00  |t 0 
942 |c BK 
999 |c 17469  |d 17469 
952 |0 0  |1 0  |4 0  |6 H_491_430000000000000_KAI_H  |7 0  |9 24620  |a SSUS  |b SSUS  |d 2015-01-08  |g 100.00  |o H 491.43 KAI/H  |p 034255  |r 2015-01-08  |v 0.00  |w 2015-01-08  |y BK